Auca del Montseny / ninots: Pilarín Pilarín
Descripción Física:
1 f. : il. col. ; 30 cm
MARC
| LEADER | 00000nam a2200000Ia 4500 | ||
|---|---|---|---|
| 001 | 20992 | ||
| 008 | 160829s1994] xx 000 0 cat d | ||
| 080 | |a FU-24-31 | ||
| 100 | |a Bayés, Pilarín, |d 1941- |9 47310 | ||
| 245 | |a Auca del Montseny / ninots: |b Pilarín | ||
| 260 | |a [Barcelona : |b s.n., |c 1994] | ||
| 300 | |a 1 f. : |b il. col. ; |c 30 cm | ||
| 590 | |a Elaborada en motiu de les jornades 'El Montseny i el futur'. | ||
| 590 | |a Prové de E-121, exp. 10 | ||
| 610 | 2 | 0 | |a Parc Natural del Montseny (Catalunya) |x Història |9 56391 |
| 901 | |a Arxiu | ||
| 942 | |n 1 | ||
| 952 | |0 0 |1 0 |4 0 |6 FU2431 |7 1 |9 53808 |a Arxiu |b Arxiu |d 2016-12-01 |l 0 |o FU-24-31 |p 20992 |r 2016-12-01 00:00:00 |w 2016-12-01 |y ARXIU | ||
| 999 | |c 57674 |d 57674 | ||